000 00638nam a2200241Ia 4500
001 19819
005 20240113235948.0
007 ta
008 060216s 197 a g b000 u 465 u
040 _aCotton College,Assam
041 _a465
082 _a820.9
_bIn 4 L
100 _aInglis, Fred .
245 0 _aLiterature and Environment /
_cFred Inglis.
_hTextual Documents
250 _a1st ed. /
260 _aLondon :
_bChatto & Windus ,
_cC 1971.
300 _a255p. :
_bill ;
_c22cm .
653 _aEnglish Literature-Criticism
653 _aG-English
942 _2ddc
_cBK
999 _c19801
_d19801